| 000 | 00638nam a2200217Ia 4500 | ||
|---|---|---|---|
| 003 | GCL | ||
| 008 | 140319s9999 xx 000 0 ara d | ||
| 040 |
_aGCL / _cGCL |
||
| 082 | 0 | 4 |
_aق _b962.07 _bج س |
| 100 | 1 | _aجمال على زهران | |
| 245 | 1 | 0 |
_aالسياسة الخارجية لمصر 1981-1970 / _cجمال على زهران |
| 260 |
_a[S.N] : _bمكتبة مدبولى ، _c1987 |
||
| 300 | _a420 | ||
| 490 | _a | ||
| 650 | 0 | 4 | _aالعصر الحديث |
| 650 | 0 | 4 | _aمصر |
| 650 | 0 | 4 | _aتاريخ |
| 650 | 0 | 4 | _aالسلام |
| 650 | 0 | 4 | _aالعلاقات العربية الاسرائيلية |
| 942 |
_2ddc _cBK |
||
| 999 |
_c52530 _d52530 |
||